[Event "36th Reykjavik op"]
[Site "Reykjavik ISL"]
[Date "2023.03.31"]
[Round "4.54"]
[White "Ramoutar, Alan-Safar"]
[Black "Schaefer, Bernd"]
[WhiteElo "2425"]
[BlackElo "2018"]
[Result "1-0"]
[EventDate "2023.03.29"]
[PlyCount "77"]

1. e4 c5 2. Nc3 a6 3. g3 Nc6 4. Bg2 g6 5. d3 Bg7 6. Nge2 d6 7. O-O e6 8. h4 h5 9.
Bg5 Qb6 10. Rb1 Bd7 11. a3 Nh6 12. b4 cxb4 13. axb4 Nd4 14. Nxd4 Bxd4 15. Ne2 Bg7
16. c4 Ng4 17. d4 Rc8 18. Qd3 O-O 19. Rfd1 Ba4 20. Rdc1 f6 21. Bd2 e5 22. f3 Nh6
23. Be3 Qd8 24. b5 f5 25. Nc3 f4 26. gxf4 Qxh4 27. Nxa4 exd4 28. Bxd4 Bxd4+ 29. Qxd4
Rxf4 30. bxa6 bxa6 31. Rb7 Nf7 32. Nb6 Re8 33. Nd5 Rxf3 34. Bxf3 Qg5+ 35. Kf2 Qxc1
36. Nf6+ Kf8 37. Nxe8 Kxe8 38. Qf6 Qc2+ 39. Be2  1-0

[Event "36th Reykjavik op"]
[Site "Reykjavik ISL"]
[Date "2023.03.31"]
[Round "4.55"]
[White "Biedenkopf, Philipp"]
[Black "Kjartansson, Gudmundur"]
[WhiteElo "1959"]
[BlackElo "2402"]
[Result "0-1"]
[EventDate "2023.03.29"]
[PlyCount "80"]

1. d4 d5 2. c4 c6 3. Nc3 Nf6 4. Nf3 e6 5. e3 Nbd7 6. Be2 dxc4 7. a4 Bd6 8. Nd2 e5
9. Nxc4 Bc7 10. O-O O-O 11. b3 exd4 12. exd4 Re8 13. Bg5 h6 14. Bh4 Nf8 15. Ra2 Ng6
16. Bg3 Be6 17. Bf3 Ne7 18. Re2 Bxg3 19. hxg3 Nf5 20. Rd2 Nd5 21. Ne4 Nb6 22. Ne5
Bd5 23. a5 Nd7 24. Nxd7 Bxe4 25. Ne5 Bxf3 26. Qxf3 Qxa5 27. Qxf5 Qxd2 28. Qxf7+ Kh8
29. Qg6 Rf8 30. g4 Rf6 31. Qh5 Qxd4 32. Nf3 Qd5 33. g5 Rxf3 34. Qxf3 Qxf3 35. gxf3
hxg5 36. Re1 a5 37. Re7 b5 38. Re6 Ra6 39. Kg2 a4 40. bxa4 bxa4  0-1

[Event "36th Reykjavik op"]
[Site "Reykjavik ISL"]
[Date "2023.03.31"]
[Round "4.56"]
[White "Arndt, Uwe"]
[Black "Kusa, Jakub"]
[WhiteElo "1940"]
[BlackElo "2373"]
[Result "0-1"]
[EventDate "2023.03.29"]
[PlyCount "100"]

1. d4 d5 2. c4 e6 3. Nf3 a6 4. cxd5 exd5 5. Qc2 Nf6 6. Bg5 c6 7. Nc3 Be6 8. e3 Bd6
9. Bd3 Nbd7 10. O-O Qc7 11. h3 h6 12. Bxf6 Nxf6 13. e4 dxe4 14. Nxe4 Nxe4 15. Bxe4
O-O 16. Rfd1 Rad8 17. Rac1 Bf4 18. Ra1 Rfe8 19. g3 Bd6 20. Kg2 Qa5 21. a3 Qh5 22.
Ng1 Be7 23. Rd2 Bf6 24. Rad1 Qb5 25. b4 a5 26. Bd3 Qb6 27. bxa5 Qxa5 28. Qc5 Rd5
29. Qb4 Qxb4 30. axb4 Rxd4 31. Bh7+ Kxh7 32. Rxd4 Bxd4 33. Rxd4 Bd5+ 34. f3 Ra8 35.
Rd2 Ra3 36. Rb2 Kg6 37. Kf2 Kf5 38. h4 Ke5 39. b5 c5 40. b6 Kd6 41. f4 Kc6 42. Ne2
Ra2 43. Rxa2 Bxa2 44. Nc3 Be6 45. Ke3 Kxb6 46. Ke4 Kc6 47. Ke5 Bc4 48. Ne4 f6+ 49.
Nxf6 gxf6+ 50. Kxf6 b5  0-1

[Event "36th Reykjavik op"]
[Site "Reykjavik ISL"]
[Date "2023.03.31"]
[Round "4.57"]
[White "Bjorn, Thorfinnsson"]
[Black "Kalla, Christian"]
[WhiteElo "2369"]
[BlackElo "1994"]
[Result "1-0"]
[EventDate "2023.03.29"]
[PlyCount "51"]

1. d4 d6 2. Nf3 Nd7 3. Bg5 Ngf6 4. Nbd2 e5 5. c3 Be7 6. Qc2 O-O 7. e3 h6 8. h4 Ng4
9. Bd3 d5 10. Bh7+ Kh8 11. Bf5 e4 12. Bxg4 f5 13. Bxe7 Qxe7 14. Bh3 exf3 15. Nxf3
Qf6 16. O-O-O a5 17. g4 fxg4 18. Bxg4 g6 19. Rdg1 Ra6 20. Rg3 b5 21. Rhg1 Rg8 22.
Bf5 Ne5 23. Bxc8 Nxf3 24. Rxf3 Qxf3 25. Bxa6 c5 26. a4  1-0

[Event "36th Reykjavik op"]
[Site "Reykjavik ISL"]
[Date "2023.03.31"]
[Round "4.58"]
[White "Jansen, Jesper Billeskov"]
[Black "Pigott, John"]
[WhiteElo "1928"]
[BlackElo "2361"]
[Result "1/2-1/2"]
[EventDate "2023.03.29"]
[PlyCount "86"]

1. e4 c5 2. d4 cxd4 3. c3 Nf6 4. e5 Nd5 5. Nf3 Nc6 6. Bc4 Nb6 7. Bb3 d5 8. cxd4 Bg4
9. Be3 e6 10. O-O Be7 11. h3 Bh5 12. Nc3 O-O 13. Rc1 Rc8 14. Qe2 Na5 15. Bc2 Nbc4
16. g4 Bg6 17. Bxg6 fxg6 18. b3 Nb6 19. Nb1 Nc6 20. Kg2 Nd7 21. Rfd1 Qa5 22. Ng5
Bxg5 23. Bxg5 h6 24. Be3 Ne7 25. Qd2 Qxd2 26. Bxd2 Nc6 27. Be3 a6 28. Nc3 b5 29.
Ne2 Kf7 30. Rd2 Nb4 31. Rxc8 Rxc8 32. f4 Nb6 33. Kf3 a5 34. Bf2 a4 35. Rb2 Nd3 36.
Rd2 Nc1 37. Nxc1 Rxc1 38. Rb2 Rc3+ 39. Kg2 axb3 40. Rxb3 Rxb3 41. axb3 Nd7 42. Be1
Nb8 43. Kf3 Nc6  1/2-1/2

[Event "36th Reykjavik op"]
[Site "Reykjavik ISL"]
[Date "2023.03.31"]
[Round "4.59"]
[White "Colpe, Malte"]
[Black "Pozimski, Szymon"]
[WhiteElo "2356"]
[BlackElo "1972"]
[Result "1-0"]
[EventDate "2023.03.29"]
[PlyCount "71"]

1. e4 d5 2. exd5 Qxd5 3. Nc3 Qa5 4. d4 Nf6 5. Nf3 Bg4 6. h3 Bxf3 7. Qxf3 c6 8. Bd2
Nbd7 9. Bc4 e6 10. O-O Qc7 11. Rfe1 Bd6 12. Ne4 Nxe4 13. Rxe4 Nf6 14. Re2 O-O-O 15.
Bb3 Kb8 16. Rae1 Ka8 17. Bg5 Be7 18. c3 Nd5 19. Bc1 Nf6 20. Bc2 h6 21. b4 Rhf8 22.
a3 Rh8 23. Bb2 g5 24. c4 h5 25. d5 g4 26. Qg3 Qxg3 27. fxg3 cxd5 28. cxd5 Rxd5 29.
Rf1 Rh6 30. Ref2 Ne8 31. Rxf7 Bd6 32. Be4 Rd2 33. Bc1 Re2 34. Bxb7+ Kb8 35. Bxh6
gxh3 36. gxh3  1-0

[Event "36th Reykjavik op"]
[Site "Reykjavik ISL"]
[Date "2023.03.31"]
[Round "4.60"]
[White "Kee, Steve"]
[Black "Braun, Vitali"]
[WhiteElo "1919"]
[BlackElo "2356"]
[Result "0-1"]
[EventDate "2023.03.29"]
[PlyCount "37"]

1. c4 e5 2. g3 f5 3. Nf3 Nc6 4. d4 e4 5. Nh4 g6 6. Nc3 Bg7 7. e3 d6 8. Be2 Nf6 9.
Ng2 O-O 10. Nf4 Qe8 11. h4 Nd8 12. Nb5 Qf7 13. d5 Ng4 14. Nd4 c5 15. dxc6 bxc6 16.
Bd2 Ne5 17. Rc1 a5 18. Qa4 Bb7 (18... Nb7 19. b4 Bd7 20. b5 Nc5 21. Qa3 Rfb8 22.
O-O h6 23. bxc6 Nxc6 24. Nb5 Be5 25. Bc3 Nb4 26. Rfd1 g5 27. hxg5 hxg5 28. Nh3 Nbd3
29. Rb1 Qxc4 30. Nd4 g4 31. Nf4 Qf7 32. Kg2 Kg7 33. Rxb8 Rxb8 34. Rh1 a4 35. Nc2
Rh8 36. Rxh8 Kxh8 37. Bd4 Bc6 38. Qc3 Qxa2 39. Ng6+ Kg7 40. Nxe5 dxe5 41. Bxc5 Qxc2
42. Qxc2 Ne1+ 43. Kf1 Nxc2 44. Bc4 a3 45. Bd6 Kg6 46. Bxe5 Nb4 47. Ke2 Bd5 48. Bxd5
Nxd5 49. Kd2 Nb4 50. Kc3 Nd3 51. Bc7 a2) 19. b4  0-1

[Event "36th Reykjavik op"]
[Site "Reykjavik ISL"]
[Date "2023.03.31"]
[Round "4.61"]
[White "Doran, Chris"]
[Black "Fitzsimons, David"]
[WhiteElo "1918"]
[BlackElo "2338"]
[Result "0-1"]
[EventDate "2023.03.29"]
[PlyCount "134"]

1. e4 c6 2. d4 d5 3. e5 c5 4. c4 cxd4 5. Qxd4 Nc6 6. Qxd5 Bf5 7. Nf3 e6 8. Qb5 a6
9. Qa4 Bc5 10. Be2 Nge7 11. O-O O-O 12. Bf4 Ng6 13. Bg3 Nd4 14. Nxd4 Qxd4 15. Nc3
Nxe5 16. Rad1 Nd3 17. Qb3 Rfd8 18. Na4 Rac8 19. Nxc5 Rxc5 20. Qxb7 Qxc4 21. Qb6 Rcd5
22. b3 Qb5 23. Qxb5 axb5 24. Bxd3 Bxd3 25. Rfe1 Ra8 26. Rd2 Be4 27. Rxd5 Bxd5 28.
a4 bxa4 29. bxa4 Rxa4 30. h3 f6 31. f3 Ra2 32. Rc1 e5 33. Rc7 h5 34. h4 Kh7 35. Rd7
Rd2 36. Re7 Bc4 37. f4 Bd5 38. Bf2 exf4 39. Rd7 Kh6 40. Rd6 Kg6 41. Rd7 Rd1+ 42.
Kh2 Rf1 43. Bc5 Bf7 44. Bf8 f3 45. g4 Rf2+ 46. Kh3 hxg4+ 47. Kxg4 Rh2 48. Kg3 Rh1
49. Rd2 Be6 50. Rh2 Rf1 51. Rf2 Rg1+ 52. Kf4 Rg4+ 53. Kxf3 Rxh4 54. Ke3 Kf7 55. Bd6
g5 56. Be5 f5 57. Bb2 Kg6 58. Rd2 Re4+ 59. Kf2 f4 60. Re2 Kf5 61. Rxe4 Kxe4 62. Ba3
g4 63. Bc1 g3+ 64. Kg2 Kf5 65. Bd2 Kg4 66. Be1 f3+ 67. Kg1 Bc4  0-1

[Event "36th Reykjavik op"]
[Site "Reykjavik ISL"]
[Date "2023.03.31"]
[Round "4.62"]
[White "Miettinen, Teemu"]
[Black "Camus de Solliers, Guillaume"]
[WhiteElo "1884"]
[BlackElo "2325"]
[Result "0-1"]
[EventDate "2023.03.29"]
[PlyCount "74"]

1. e4 e6 2. d4 d5 3. Nd2 Nf6 4. e5 Nfd7 5. Bd3 c5 6. c3 Nc6 7. Ne2 cxd4 8. cxd4 f6
9. exf6 Nxf6 10. Nf3 Qc7 11. O-O Bd6 12. Bg5 O-O 13. Bh4 Nh5 14. Qc2 h6 15. Bh7+
Kh8 16. Bg6 Rxf3 17. Bxh5 Rf8 18. Bg3 Bd7 19. Rac1 Rf6 20. Qd2 Raf8 21. Nc3 Bf4 22.
Qd3 Qb6 23. Rcd1 Qxb2 24. Bxf4 Rxf4 25. Rb1 Rxd4 26. Qg3 Qa3 27. Rxb7 Rc4 28. Rb3
Qc5 29. Be2 Rcf4 30. Rb7 R4f7 31. Bh5 Re7 32. Bg4 Bc8 33. Rb5 Qc4 34. Be2 Qf4 35.
Qh3 Nd4 36. Rc5 Qd6 37. Ra5 Qb4  0-1

[Event "36th Reykjavik op"]
[Site "Reykjavik ISL"]
[Date "2023.03.31"]
[Round "4.63"]
[White "Gaal, Zsoka"]
[Black "Gudmundsson, Gunnar Erik"]
[WhiteElo "2320"]
[BlackElo "1961"]
[Result "1-0"]
[EventDate "2023.03.29"]
[PlyCount "91"]

1. d4 Nf6 2. c4 e6 3. g3 d5 4. Nf3 dxc4 5. Bg2 c5 6. Na3 Nc6 7. Nxc4 cxd4 8. O-O
Bc5 9. a3 a5 10. Bf4 O-O 11. Rc1 Qe7 12. Nce5 Nxe5 13. Bxe5 Rd8 14. Qc2 Bb6 15. Qb3
Nd5 16. Bxd4 a4 17. Qc4 Bd7 18. Bxb6 Nxb6 19. Qd4 Ra6 20. Rfd1 Rc8 21. Rxc8+ Bxc8
22. Qd8+ Qf8 23. e4 Nd7 24. Rxd7 Bxd7 25. Qxd7 Rb6 26. Ne5 f6 27. Nc4 Ra6 28. Bh3
e5 29. Be6+ Kh8 30. Bd5 Qb8 31. Qxb7 Qxb7 32. Bxb7 Ra7 33. Bd5 g6 34. f3 Kg7 35.
Kf2 h5 36. Ke3 g5 37. h3 Ra6 38. Kd3 Ra7 39. Kc3 Kf8 40. Kb4 Ke7 41. Kb5 Kd7 42.
Nb6+ Kc7 43. Nxa4 Kd6 44. Nb6 Rc7 45. Nc4+ Kd7 46. a4  1-0

[Event "36th Reykjavik op"]
[Site "Reykjavik ISL"]
[Date "2023.03.31"]
[Round "4.64"]
[White "Frank, Anton"]
[Black "Domalchuk-Jonasson, Aleksandr"]
[WhiteElo "1857"]
[BlackElo "2318"]
[Result "1/2-1/2"]
[EventDate "2023.03.29"]
[PlyCount "144"]

1. c4 e6 2. e4 d5 3. cxd5 exd5 4. exd5 Nf6 5. Bb5+ Nbd7 6. Nc3 Be7 7. d4 O-O 8. Nf3
Nb6 9. h3 Nbxd5 10. O-O Bf5 11. Re1 c6 12. Bd3 Bxd3 13. Qxd3 h6 14. Ne5 Qd6 15. Qf3
Rad8 16. a3 Rfe8 17. Bd2 Bf8 18. Rad1 Qc7 19. Ng4 Nxg4 20. hxg4 Rxe1+ 21. Rxe1 Nb6
22. Ne2 Be7 23. Qe4 Bf6 24. Qf5 Nc4 25. Bc3 Nd6 26. Qc2 Qd7 27. d5 cxd5 28. Bxf6
gxf6 29. Qd2 Ne4 30. Qxh6 Qxg4 31. Nf4 Qg5 32. Qxg5+ fxg5 33. Nxd5 Rxd5 34. Rxe4
Rd1+ 35. Kh2 Rd2 36. Rb4 b6 37. Kg3 Kg7 38. Rb5 Kg6 39. a4 f5 40. a5 bxa5 41. Rxa5
Rd7 42. f3 Rb7 43. Kh3 Kf6 44. Kg3 Kg6 45. Kh3 Rh7+ 46. Kg3 f4+ 47. Kf2 Rb7 48. Kg1
Kh5 49. Ra6 g4 50. fxg4+ Kh4 51. Rh6+ Kxg4 52. Rg6+ Kf5 53. Ra6 Ke4 54. Ra3 Ke5 55.
Ra5+ Kd4 56. Ra3 Ke4 57. Kf1 Kd5 58. Kf2 Ke4 59. Ra4+ Kf5 60. Kf1 Kg4 61. Ra3 Rc7
62. b4 Kf5 63. Kf2 Ke4 64. b5 Ke5 65. Ra5 Ke4 66. Ra3 Re7 67. Ra4+ Kf5 68. Ra5 Kg4
69. Ra6 Rc7 70. Rg6+ Kf5 71. Ra6 Rc5 72. Rxa7 Rxb5  1/2-1/2

[Event "36th Reykjavik op"]
[Site "Reykjavik ISL"]
[Date "2023.03.31"]
[Round "4.65"]
[White "Tamas, Gunes Ongut"]
[Black "Ragnarsson, Johann"]
[WhiteElo "2317"]
[BlackElo "1929"]
[Result "1-0"]
[EventDate "2023.03.29"]
[PlyCount "45"]

1. d4 d5 2. c4 e6 3. Nc3 c6 4. e4 dxc4 5. Bxc4 b5 6. Bb3 Bb7 7. Nge2 Nd7 8. O-O Ngf6
9. e5 b4 10. exf6 bxc3 11. fxg7 Bxg7 12. bxc3 O-O 13. Ng3 Qh4 14. Re1 c5 15. d5 Nf6
16. Re5 Ng4 17. Rh5 Qf6 18. Qxg4 Qxc3 19. Rb1 Qe1+ 20. Nf1 f5 21. Qxg7+ Kxg7 22.
Bh6+ Kg6 23. Rxe1  1-0

[Event "36th Reykjavik op"]
[Site "Reykjavik ISL"]
[Date "2023.03.31"]
[Round "4.66"]
[White "Doluhanova, Evgeniya"]
[Black "Schaefer, Kay"]
[WhiteElo "2311"]
[BlackElo "1919"]
[Result "1-0"]
[EventDate "2023.03.29"]
[PlyCount "87"]

1. c4 e5 2. d3 Bb4+ 3. Nd2 a5 4. a3 Bc5 5. Ngf3 Nc6 6. Ne4 Ba7 7. g3 d6 8. Bg2 Nge7
9. Bd2 f5 10. Nc3 O-O 11. O-O f4 12. b4 fxg3 13. hxg3 Qe8 14. c5 dxc5 15. b5 Nd4
16. Nxd4 exd4 17. Qb3+ Kh8 18. Ne4 Nf5 19. Bxa5 Bb6 20. Bd2 Nd6 21. a4 Nxe4 22. Bxe4
Ba5 23. Bxa5 Rxa5 24. Qd5 b6 25. e3 Bh3 26. Rfe1 Be6 27. Qe5 Qf7 28. f4 dxe3 29.
Rxe3 h6 30. d4 cxd4 31. Qxd4 Bf5 32. Bc6 Qf6 33. Qxf6 Rxf6 34. Re7 Ra7 35. Kf2 Rd6
36. Ra2 Kg8 37. Ra3 Kf8 38. Re8+ Kf7 39. Re5 Bc2 40. Rc3 Bxa4 41. Ra3 Rd4 42. Ke3
Rb4 43. Rd3 Rb3 44. Bd5+  1-0

[Event "36th Reykjavik op"]
[Site "Reykjavik ISL"]
[Date "2023.03.31"]
[Round "4.67"]
[White "Thorsteinsson, Thorsteinn"]
[Black "Sigurbjorn, Bjornsson"]
[WhiteElo "1844"]
[BlackElo "2310"]
[Result "0-1"]
[EventDate "2023.03.29"]
[PlyCount "60"]

1. e4 c5 2. Nf3 e6 3. d3 Nc6 4. g3 d5 5. Nbd2 Nf6 6. Bg2 b5 7. O-O Bb7 8. Re1 Be7
9. e5 Nd7 10. c3 Qc7 11. Qe2 a5 12. Nf1 b4 13. a3 a4 14. h4 Na5 15. Bf4 Nb3 16. Ra2
Nb6 17. Ne3 d4 18. cxd4 cxd4 19. Nc4 Nxc4 20. dxc4 O-O 21. Qc2 Rfc8 22. Ng5 Bxg5
23. Bxb7 Qxb7 24. Bxg5 h6 25. Bc1 Nxc1 26. Qxc1 b3 27. Ra1 Qc6 28. Qd2 Qxc4 29. Rac1
Qd5 30. f4 d3  0-1

[Event "36th Reykjavik op"]
[Site "Reykjavik ISL"]
[Date "2023.03.31"]
[Round "4.68"]
[White "Dishman, Stephen"]
[Black "Geyler, Stefan"]
[WhiteElo "2274"]
[BlackElo "1915"]
[Result "1-0"]
[EventDate "2023.03.29"]
[PlyCount "51"]

1. d4 Nf6 2. Bg5 d5 3. e3 c5 4. Bxf6 gxf6 5. dxc5 e6 6. c4 Qa5+ 7. Nd2 dxc4 8. Bxc4
Bxc5 9. Ngf3 Bb4 10. O-O Bxd2 11. Nxd2 Qd8 12. Qe2 O-O 13. Rfd1 Qe7 14. Qg4+ Kh8
15. Qh4 Rg8 16. Bd3 Rg7 17. Ne4 Nd7 18. Rac1 Ne5 19. Qxf6 Qxf6 20. Nxf6 Ng4 21. Ne8
Rg8 22. Nd6 Kg7 23. Be4 e5 24. Nxc8 Raxc8 25. Rxc8 Rxc8 26. Bf5  1-0

[Event "36th Reykjavik op"]
[Site "Reykjavik ISL"]
[Date "2023.03.31"]
[Round "4.69"]
[White "Heurtebize, Olivier"]
[Black "Rempe, Jonas"]
[WhiteElo "2269"]
[BlackElo "1887"]
[Result "1-0"]
[EventDate "2023.03.29"]
[PlyCount "81"]

1. Nf3 Nf6 2. g3 e6 3. Bg2 d5 4. O-O Be7 5. c4 O-O 6. d4 dxc4 7. Qa4 a6 8. Qxc4 b5
9. Qc2 Bb7 10. Bf4 Nd5 11. Rc1 Nxf4 12. gxf4 Nc6 13. e3 Nb4 14. Qd2 Nd5 15. Ne5 c5
16. dxc5 Rc8 17. b4 Bf6 18. Nc3 Bxe5 19. fxe5 Nxc3 20. Qxc3 Qg5 21. e4 Bxe4 22. Qg3
Qf5 23. Bh3 Qh5 24. Rd1 Rfd8 25. Rd6 Bd5 26. Bg2 Bxg2 27. Kxg2 Qe2 28. Qh4 Rf8 29.
Rad1 Qxe5 30. Rxa6 f5 31. Qd4 Qb8 32. Rxe6 f4 33. f3 Rf5 34. Rd6 Rcf8 35. Rd8 Qa7
36. Rxf8+ Rxf8 37. Rd2 h6 38. c6 Qxd4 39. Rxd4 Rc8 40. Rd6 Kf7 41. Kh3  1-0

[Event "36th Reykjavik op"]
[Site "Reykjavik ISL"]
[Date "2023.03.31"]
[Round "4.70"]
[White "Nilsen, Tobias Lang"]
[Black "Finnsson, Johann Arnar"]
[WhiteElo "2265"]
[BlackElo "1874"]
[Result "0-1"]
[EventDate "2023.03.29"]
[PlyCount "76"]

1. e4 g6 2. d4 Bg7 3. Nc3 d6 4. Be2 Nc6 5. d5 Nd4 6. Be3 c5 7. dxc6 Nxc6 8. Qd2 Nf6
9. O-O-O Ng4 10. Bxg4 Bxg4 11. f3 Be6 12. Bh6 Bxh6 13. Qxh6 Qa5 14. Kb1 O-O-O 15.
Nge2 Kb8 16. Qd2 Rc8 17. Nd5 Qc5 18. Nef4 Rhe8 19. Nxe6 fxe6 20. Nf4 e5 21. Nd5 Nd4
22. c3 Nb5 23. Qg5 e6 24. Nf6 Red8 25. Nxh7 a5 26. Qd2 a4 27. a3 d5 28. exd5 exd5
29. Rc1 Rd6 30. Qe2 Nxa3+ 31. bxa3 Rb6+ 32. Ka1 Qxa3+ 33. Qa2 Rxc3 34. Rb1 Rxb1+
35. Rxb1 Qe7 36. Qxd5 Ra3+ 37. Kb2 Rb3+ 38. Kc2 Qc7+  0-1

[Event "36th Reykjavik op"]
[Site "Reykjavik ISL"]
[Date "2023.03.31"]
[Round "4.71"]
[White "Krumm, Arthur"]
[Black "Lindh, Fredrik"]
[WhiteElo "1843"]
[BlackElo "2259"]
[Result "0-1"]
[EventDate "2023.03.29"]
[PlyCount "48"]

1. e4 c5 2. Be2 Nc6 3. f4 e6 4. Nf3 d5 5. d3 Nf6 6. e5 Nd7 7. c4 Nb6 8. O-O Be7 9.
Nc3 O-O 10. Kh1 f6 11. exf6 Bxf6 12. Bd2 Bd7 13. g3 Nd4 14. Re1 dxc4 15. Nxd4 Bxd4
16. dxc4 Bc6+ 17. Bf3 Bxc3 18. bxc3 Bxf3+ 19. Qxf3 Qxd2 20. Rad1 Qxa2 21. Rxe6 Qxc4
22. Re7 Rad8 23. Rxd8 Rxd8 24. Qg4 Qf1#  0-1

[Event "36th Reykjavik op"]
[Site "Reykjavik ISL"]
[Date "2023.03.31"]
[Round "4.72"]
[White "Melaa, Sondre"]
[Black "Van Meter, Lester"]
[WhiteElo "2243"]
[BlackElo "1872"]
[Result "1-0"]
[EventDate "2023.03.29"]
[PlyCount "117"]

1. e4 c5 2. a3 Nc6 3. b4 cxb4 4. axb4 Nxb4 5. c3 Nc6 6. d4 d5 7. exd5 Qxd5 8. Na3
Bf5 9. Nb5 Rc8 10. Nxa7 Nxa7 11. Rxa7 e5 12. Nf3 Nf6 13. Nxe5 Bd6 14. Be2 O-O 15.
O-O Bxe5 16. dxe5 Qxe5 17. Be3 Qxc3 18. Bd4 Qc2 19. Bxf6 gxf6 20. Rxb7 Qxd1 21. Bxd1
Rfe8 22. Bb3 Be6 23. Bxe6 Rxe6 24. Rd1 Rc2 25. Rb4 f5 26. Rf4 Rd2 27. Rf1 Re5 28.
h3 Rdd5 29. Ra1 Re4 30. Rxe4 fxe4 31. Ra4 Re5 32. Kf1 Kg7 33. Ke2 Re7 34. Ke3 Rb7
35. Rxe4 Rb3+ 36. Kf4 Rb2 37. Kg3 Kg6 38. Rg4+ Kf6 39. f3 Ra2 40. Kh4 Ra5 41. Rg8
Rf5 42. Kg4 Ra5 43. f4 Rb5 44. g3 h6 45. Kh4 Ra5 46. g4 Ra4 47. Kh5 Rxf4 48. Kxh6
Rf3 49. h4 Rh3 50. h5 Ke7 51. Kh7 f5 52. Rg7+ Kf8 53. Rg5 fxg4 54. Rf5+ Ke7 55. Kg7
Ke6 56. Rg5 Ra3 57. h6 Ra7+ 58. Kg6 Ra8 59. h7  1-0

[Event "36th Reykjavik op"]
[Site "Reykjavik ISL"]
[Date "2023.03.31"]
[Round "4.73"]
[White "Townsend, M. Paul"]
[Black "Harnett, Robert J"]
[WhiteElo "2209"]
[BlackElo "1861"]
[Result "1-0"]
[EventDate "2023.03.29"]
[PlyCount "57"]

1. Nf3 Nf6 2. c4 g6 3. Nc3 Bg7 4. e4 d6 5. d4 O-O 6. Be2 e5 7. d5 a5 8. Bg5 Qe8 9.
Nd2 Nfd7 10. O-O Nc5 11. b3 f6 12. Be3 f5 13. f3 f4 14. Bf2 g5 15. a3 h5 16. b4 axb4
17. axb4 Rxa1 18. Qxa1 Nca6 19. c5 Qg6 20. Nb5 g4 21. Qa5 g3 22. Be1 Bf6 23. Na7
gxh2+ 24. Kxh2 Bg4 25. Rh1 Rf7 26. fxg4 hxg4 27. Kg1 f3 28. Bxa6 f2+ 29. Bxf2  1-0

[Event "36th Reykjavik op"]
[Site "Reykjavik ISL"]
[Date "2023.03.31"]
[Round "4.74"]
[White "Oberschilp, Friedrich"]
[Black "Cornelisse, John"]
[WhiteElo "1827"]
[BlackElo "2203"]
[Result "0-1"]
[EventDate "2023.03.29"]
[PlyCount "42"]

1. d4 d5 2. c4 e6 3. Nc3 c5 4. cxd5 exd5 5. Nf3 Nf6 6. g3 cxd4 7. Nxd4 Bc5 8. Bg2
Nc6 9. e3 Bb6 10. O-O O-O 11. h3 h5 12. Nxc6 bxc6 13. e4 d4 14. e5 dxc3 15. exf6
Qxf6 16. bxc3 Ba6 17. Qf3 Qxf3 18. Bxf3 Bxf1 19. Kxf1 g6 20. Ba3 Rfd8 21. c4 Rd3
 0-1

[Event "36th Reykjavik op"]
[Site "Reykjavik ISL"]
[Date "2023.03.31"]
[Round "4.75"]
[White "Sigurdsson, Smari"]
[Black "Bergsson, Stefan"]
[WhiteElo "1807"]
[BlackElo "2192"]
[Result "0-1"]
[EventDate "2023.03.29"]
[PlyCount "76"]

1. e4 g6 2. d4 Bg7 3. f4 c5 4. Be3 cxd4 5. Bxd4 Nf6 6. Nc3 d6 7. Nf3 Nc6 8. Be3 O-O
9. a3 Ng4 10. Qd2 Nxe3 11. Qxe3 Qa5 12. Bc4 Bg4 13. O-O-O Rfe8 14. Bb3 b5 15. Ne2
Qc7 16. h3 Bxf3 17. Qxf3 a5 18. Kb1 a4 19. Bd5 Nb4 20. c3 Nxd5 21. exd5 b4 22. axb4
a3 23. Kc2 axb2 24. Kxb2 Qc4 25. Ra1 Rab8 26. Rhb1 Rxb4+ 27. Kc2 Rxb1 28. Rxb1 Qa4+
29. Kc1 h5 30. Rb2 Qc4 31. Rd2 Ra8 32. Rc2 Ra1+ 33. Kd2 Ra5 34. Ke1 Qc5 35. c4 Ra1+
36. Nc1 Bb2 37. Kd2 Bxc1+ 38. Rxc1 Qd4+  0-1

[Event "36th Reykjavik op"]
[Site "Reykjavik ISL"]
[Date "2023.03.31"]
[Round "4.76"]
[White "Scoccianti, Raffaele"]
[Black "Mack, Andrew"]
[WhiteElo "1796"]
[BlackElo "2183"]
[Result "0-1"]
[EventDate "2023.03.29"]
[PlyCount "78"]

1. d4 d5 2. Bf4 c5 3. e3 Nc6 4. c3 Bf5 5. Bd3 Bxd3 6. Qxd3 e6 7. Nf3 Nf6 8. Nbd2
Be7 9. h3 O-O 10. O-O Rc8 11. a4 c4 12. Qc2 Na5 13. Rfe1 h6 14. e4 dxe4 15. Nxe4
Nd5 16. Bh2 Nb3 17. Rad1 Qd7 18. Ned2 Qxa4 19. Ra1 Qb5 20. Nxb3 cxb3 21. Qd1 a5 22.
Ne5 Nb6 23. c4 Nxc4 24. Qe2 Qd5 25. Qg4 f5 26. Ng6 fxg4 27. Nxe7+ Kf7 28. Nxd5 exd5
29. hxg4 b5 30. Bf4 a4 31. Re2 Rfe8 32. Be5 Ra8 33. f4 b4 34. Rb1 Re7 35. Kh2 a3
36. bxa3 bxa3 37. Rxb3 a2 38. Rxa2 Rxa2 39. Rb5 Ra5  0-1

[Event "36th Reykjavik op"]
[Site "Reykjavik ISL"]
[Date "2023.03.31"]
[Round "4.77"]
[White "Sivakumar, Ashvin"]
[Black "Carey, Michael"]
[WhiteElo "2181"]
[BlackElo "1852"]
[Result "1/2-1/2"]
[EventDate "2023.03.29"]
[PlyCount "126"]

1. d4 Nf6 2. c4 c5 3. d5 b5 4. cxb5 a6 5. bxa6 g6 6. Nc3 Bg7 7. e4 O-O 8. a7 Rxa7
9. Nf3 d6 10. Be2 e6 11. dxe6 Bxe6 12. Ng5 Bc8 13. O-O h6 14. Nf3 Qb6 15. e5 dxe5
16. Nxe5 Ba6 17. Bxa6 Nxa6 18. Nc4 Qb8 19. Be3 Rd8 20. Qe2 Re8 21. Rad1 Nb4 22. Nd6
Re6 23. a3 Nc6 24. Qb5 Qa8 25. Bxc5 Ra5 26. Qb7 Qxb7 27. Nxb7 Ra8 28. Nd6 Nd7 29.
Be3 Nde5 30. Bc1 Bf8 31. Ndb5 Re7 32. Rfe1 Rb7 33. Rd5 Nc4 34. Re4 Nb6 35. Rd3 Bg7
36. h3 h5 37. Be3 Ne5 38. Rd5 Nxd5 39. Nxd5 Rxb5 40. Nc7 Rbb8 41. Nxa8 Rxa8 42. Rd4
Kf8 43. f4 Nc6 44. Rc4 Nd8 45. b3 Ke8 46. a4 Bf8 47. Bb6 Ne6 48. g4 hxg4 49. hxg4
f5 50. Kg2 Kd7 51. Kg3 Bd6 52. a5 Rc8 53. gxf5 gxf5 54. Be3 Rxc4 55. bxc4 Kc6 56.
a6 Nc5 57. Bxc5 Bxc5 58. Kh4 Kd6 59. Kg5 Ke6 60. Kg6 Bd4 61. Kg5 Ba7 62. Kg6 Bd4
63. Kg5 Ba7  1/2-1/2

[Event "36th Reykjavik op"]
[Site "Reykjavik ISL"]
[Date "2023.03.31"]
[Round "4.78"]
[White "Garbuz, Vitaliy"]
[Black "Patel, Zain"]
[WhiteElo "2155"]
[BlackElo "1833"]
[Result "1/2-1/2"]
[EventDate "2023.03.29"]
[PlyCount "112"]

1. d4 Nf6 2. Nc3 d5 3. Bf4 a6 4. e3 e6 5. Bd3 c5 6. dxc5 Bxc5 7. Nf3 O-O 8. O-O Nc6
9. e4 dxe4 10. Nxe4 Nxe4 11. Bxe4 Qf6 12. Qc1 e5 13. Bg5 Qe6 14. Be3 Be7 15. Rd1
Kh8 16. Bd5 Qf5 17. c3 Be6 18. Bb6 Bxd5 19. Rxd5 Qe6 20. Rd1 Nb4 21. cxb4 Qxb6 22.
Nxe5 Qxb4 23. Qc4 Qxc4 24. Nxc4 Rfd8 25. Na5 Rab8 26. Kf1 g6 27. Ke2 Bf6 28. Rab1
Kg7 29. b3 Bc3 30. Nc4 b5 31. Ne3 Rd4 32. Rbc1 Rxd1 33. Rxd1 Rb6 34. Rd7 Bb4 35.
Kd3 Rd6+ 36. Rxd6 Bxd6 37. Kd4 Bxh2 38. g3 Bg1 39. Nd1 h5 40. Ke4 h4 41. gxh4 Kf6
42. Kd5 Kf5 43. Kc5 Ke4 44. Kb6 Kd3 45. Kxa6 Kd2 46. Ne3 Bxf2 47. Ng4 Bxh4 48. Ne5
g5 49. Nxf7 b4 50. Ne5 Kc3 51. Nf3 Kb2 52. Kb5 Ka3 53. Kc4 Bg3 54. Nxg5 Be1 55. Ne4
Kxa2 56. Nc5 Ka3  1/2-1/2

[Event "36th Reykjavik op"]
[Site "Reykjavik ISL"]
[Date "2023.03.31"]
[Round "4.79"]
[White "Boschmann, Alexander"]
[Black "Ornolfsson, Magnus P."]
[WhiteElo "1779"]
[BlackElo "2153"]
[Result "0-1"]
[EventDate "2023.03.29"]
[PlyCount "104"]

1. d4 Nf6 2. c4 e6 3. Nf3 Bb4+ 4. Bd2 Qe7 5. Qc2 O-O 6. e3 a5 7. a3 Bxd2+ 8. Nbxd2
d6 9. Bd3 e5 10. O-O a4 11. Rac1 Bg4 12. Ng5 h6 13. Nge4 Nxe4 14. Bxe4 c6 15. h3
Bc8 16. Bh7+ Kh8 17. Bf5 Nd7 18. Rfd1 exd4 19. exd4 Ra5 20. Nf3 Qf6 21. c5 dxc5 22.
Bxd7 Bxd7 23. Qc3 Raa8 24. dxc5 Qxc3 25. Rxc3 Be6 26. Rd6 Rfd8 27. Ne5 Rxd6 28. cxd6
Rd8 29. Nc4 b5 30. Ne5 Rxd6 31. Nxc6 Rd1+ 32. Kh2 Rd2 33. Kg3 Rxb2 34. Nd4 Bc4 35.
Kf3 Bd5+ 36. Ke3 b4 37. axb4 Rxb4 38. Nc2 Rb3 39. Rxb3 axb3 40. Na3 b2 41. f3 Ba2
42. Kf4 b1=Q 43. Nxb1 Bxb1 44. h4 Kg8 45. h5 Kf8 46. Ke5 Ke7 47. g4 Bc2 48. f4 Bd1
49. Kf5 Be2 50. g5 Bxh5 51. gxh6 gxh6 52. Ke5 Bd1  0-1